00474nam a22001457a 4500020001800000040001100018082002200029100002500051245005300076260002800129300002700157942002000184999001900204952010500223 a9780751536140 cNUST  221sta813.54bALB aAlbom, Mitch9129317 aThe five people you meet in heaven/cMitch Albom aLondon:bSphere,c2014. aviii, 231 p, :c20 cm. 2ddccBKh813.54 c614023d614023 00102ddc4070aCLbCLd2025-07-01l1o813.6 ALBpCL-D-2984r2025-09-19s2025-09-17w2025-07-01yBK